The great and the good: the legendary players, managers and the teams of fifty football years (Record no. 44903)

MARC details
000 -LEADER
fixed length control field 00643nam a2200157 a 4500
008 - FIXED-LENGTH DATA ELEMENTS--GENERAL INFORMATION
fixed length control field 150617s2012 ||||||||||||||||| || u
020 ## - INTERNATIONAL STANDARD BOOK NUMBER
International Standard Book Number 9781444743630
050 ## - LIBRARY OF CONGRESS CALL NUMBER
Classification number GV 940 Gil
100 ## - MAIN ENTRY--PERSONAL NAME
Personal name Giles, John
245 14 - TITLE STATEMENT
Title The great and the good: the legendary players, managers and the teams of fifty football years
Statement of responsibility, etc. by John Giles
260 ## - PUBLICATION, DISTRIBUTION, ETC.
Place of publication, distribution, etc. Dublin, Ireland
Name of publisher, distributor, etc. Hachette Books Ireland
Date of publication, distribution, etc. 2012
300 ## - PHYSICAL DESCRIPTION
Extent ix, 297p.: ill.
650 ## - SUBJECT ADDED ENTRY--TOPICAL TERM
Topical term or geographic name entry element FOOTBALL -- LEGENDARY PLAYERS
650 ## - SUBJECT ADDED ENTRY--TOPICAL TERM
Topical term or geographic name entry element FOOTBALL
995 ## - RECOMMENDATION 995 [LOCAL, UNIMARC FRANCE]
-- CBU-MAIN LIBRARY (Kitwe)
-- 1
-- AVAILABLE
-- Sep 16, 2015
-- Main Library Open Access Collection
Holdings
Withdrawn status Lost status Source of classification or shelving scheme Damaged status Not for loan Home library Current library Shelving location Date acquired Total Checkouts Full call number Barcode Date last seen Price effective from Koha item type
          CBU-MAIN LIBRARY, KITWE. CBU-MAIN LIBRARY, KITWE.   11/30/2022   GV 940 Gil 745615 11/30/2022 11/30/2022 MONOGRAPH